000 00727nam a2200253 a 4500
001 BRL_1432
005 20190320211212.0
008 140114s1980----enkao#####---#000-0#eng-#
020 _a0563178043
041 _aeng
044 _aenk
050 4 _aF1219
_b.G95 1980
100 1 _aGyles, Anna Benson
_926888
245 1 0 _aOf gods and men
_bMexico and the mexican indian
_cAnna Benson Gyles and Chloë Sayer.
260 _aLondon
_bBritish Broadcasting Corporation
_c1980
300 _a232 p.
_bil., mapas
_c23 cm.
500 _aAu1706
500 _aIncluye índice
504 _aBibliografía: p. 222-228.
650 1 4 _aIndígenas de México
_94678
700 1 _aSayer, Chloë
_94413
902 _aGRL
942 _2lcc
_cB
999 _c10242
_d10242